| 000 | 00756nam a2200217Ia 4500 | ||
|---|---|---|---|
| 003 | CO-CtgCURN | ||
| 005 | 20250408231712.0 | ||
| 008 | 190722s9999 xx 000 0 und d | ||
| 020 | _a9789588392240 | ||
| 040 |
_aCO-CtgCURN _bspa _ccoctgcurn |
||
| 082 |
_a342.112 _bO42b |
||
| 100 | _aOlano García, Hernan Alejandro | ||
| 245 | 0 |
_aBrocardos Juridicos / _cHernan Alejandro Olano García |
|
| 260 |
_aBuenos Aires, Argentina : _bEditorial Aguilar, _c2011 |
||
| 300 |
_a207 páginas ; _c17 centímetros |
||
| 521 | _aAREA PROFESIONAL | ||
| 590 | _aPrograma de Derecho_18 | ||
| 650 | _aDerecho constitucional y administrativo | ||
| 942 |
_cBK _h342.112 _iO42b _2ddc _n0 |
||
| 999 |
_c28458 _d28458 |
||